Online
Catalog

1J4 de espigas y de fuegos : (Record no. 53107)

MARC details
000 -CABECERA
campo de control de longitud fija 01854nam a2200409 i 4500
003 - IDENTIFICADOR DEL NÚMERO DE CONTROL
campo de control DO-SdBNP
005 - FECHA Y HORA DE LA ÚLTIMA TRANSACCIÓN
campo de control 20250630100925.0
007 - CAMPO FIJO DE DESCRIPCIÓN FÍSICA--INFORMACIÓN GENERAL
campo de control de longitud fija ta
008 - DATOS DE LONGITUD FIJA--INFORMACIÓN GENERAL
campo de control de longitud fija 230112e2004 dr a|||gr|||| 001 edspa d
020 ## - NÚMERO INTERNACIONAL ESTÁNDAR DEL LIBRO
Número Internacional Estándar del Libro 8489539836
040 ## - FUENTE DE LA CATALOGACIÓN
Centro catalogador/agencia de origen DO-SdBNP
Lengua de catalogación spa
Centro/agencia transcriptor BNPHU
Normas de descripción rda
082 #4 - NÚMERO DE LA CLASIFICACIÓN DECIMAL DEWEY
Número de edición 22
Número de clasificación 972.93054
Número de documento/Ítem G993e 2004
100 1# - ENTRADA PRINCIPAL--NOMBRE DE PERSONA
Nombre de persona Guzmán R., Leandro,
Fechas asociadas al nombre 1932-
9 (RLIN) 31347
Término indicativo de función/relación autor
245 10 - MENCIÓN DE TÍTULO
Título 1J4 de espigas y de fuegos :
Resto del título aportes para la memoria necesaria, testimonios de un militante /
Mención de responsabilidad, etc. Leandro Guzmán R. ; Prólogo, Tony Raful.
246 13 - FORMA VARIANTE DE TÍTULO
Título propio/Titulo breve 14 de junio de espigas y de fuegos
246 13 - FORMA VARIANTE DE TÍTULO
Título propio/Titulo breve Uno j cuatro, espigas y de fuegos
246 13 - FORMA VARIANTE DE TÍTULO
Título propio/Titulo breve Catorce j de espigas y de fuegos
250 ## - MENCIÓN DE EDICIÓN
Mención de edición 2da. ed.
264 ## - PRODUCCIÓN, PUBLICACIÓN, DISTRIBUCIÓN, FABRICACIÓN Y COPYRIGHT
Producción, publicación, distribución, fabricación y copyright Santo Domingo :
Nombre del de productor, editor, distribuidor, fabricante De Coloresm
Fecha de producción, publicación, distribución, fabricación o copyright 2004.
300 ## - DESCRIPCIÓN FÍSICA
Extensión 305 páginas :
Otras características físicas ilustraciones, retratos ;
Dimensiones 23 cm
336 ## - TIPO DE CONTENIDO
Fuente rdacontent
Término de tipo de contenido texto
Código de tipo de contenido txt
337 ## - TIPO DE MEDIO
Fuente rdamedia
Nombre/término del tipo de medio sin mediación
Código del tipo de medio n
338 ## - TIPO DE SOPORTE
Fuente rdacarrier
Nombre/término del tipo de soporte volumen
Código del tipo de soporte nc
500 ## - NOTA GENERAL
Nota general Incluye referencias bibliográficas y notas al pie de las páginas e índice onomástico.
500 ## - NOTA GENERAL
Nota general Incluye datos biográficos del autor en al solapa de la cubierta
500 ## - NOTA GENERAL
Nota general Incluye himno del 14 de junio en la solapa de la contracubierta
505 ## - NOTA DE CONTENIDO CON FORMATO
Nota de contenido con formato 1. Dedicatoria
Título 2. Agradecimientos sinceros.--
-- 3.- Prólogo.--
-- 4. Palabras al lector.--
-- 5. Las Espigas.--
-- 6. Los Fuegos.--
-- 7. El Terror.--
-- 8. Los Ramajes.--
590 ## - NOTA LOCAL (RLIN)
Nota local Inventariado, 2023 /MF
610 14 - PUNTO DE ACCESO ADICIONAL DE MATERIA--NOMBRE DE ENTIDAD CORPORATIVA
Nombre de entidad corporativa o nombre de jurisdicción como elemento de entrada MOVIMIENTO REVOLUCIONARIO 14 DE JUNIO (REPÚBLICA DOMINICANA)
9 (RLIN) 1373
650 #4 - PUNTO DE ACCESO ADICIONAL DE MATERIA--TÉRMINO DE MATERIA
Término de materia o nombre geográfico como elemento de entrada Actividades clandestinas
9 (RLIN) 1375
650 #4 - PUNTO DE ACCESO ADICIONAL DE MATERIA--TÉRMINO DE MATERIA
Término de materia o nombre geográfico como elemento de entrada Movimientos revolucionarios
9 (RLIN) 1376
651 #0 - PUNTO DE ACCESO ADICIONAL DE MATERIA--NOMBRE GEOGRÁFICO
Nombre geográfico República Dominicana
Subdivisión general Historia
Subdivisión cronológica Era de Trujillo, 1930-1961
9 (RLIN) 78796
651 #4 - PUNTO DE ACCESO ADICIONAL DE MATERIA--NOMBRE GEOGRÁFICO
Nombre geográfico República Dominicana
Subdivisión general Política y gobierno
Subdivisión cronológica Era de Trujillo, 1930-1961
700 1# - PUNTO DE ACCESO ADICIONAL--NOMBRE DE PERSONA
Nombre de persona Raful, Tony,
Fechas asociadas al nombre 1951-
Término indicativo de función/relación prólogo
9 (RLIN) 1377
910 ## - DATOS DE OPCIÓN DEL USUARIO (OCLC)
Datos de opción del usuario Btavárez
942 ## - ELEMENTOS DE PUNTO DE ACCESO ADICIONAL (KOHA)
Fuente del sistema de clasificación o colocación Dewey Decimal Classification
Tipo de ítem Koha Libro
Holdings
Estado de retiro Estado de pérdida Fuente del sistema de clasificación o colocación Restricciones de uso No para préstamo Código de colección Localización permanente Ubicación/localización actual Ubicación en estantería Fecha de adquisición Fuente de adquisición Signatura topográfica completa Código de barras Fecha visto por última vez Precio válido a partir de Tipo de ítem Koha
    Dewey Decimal Classification Excluido de préstamo   Patrimonio Dominicano Biblioteca Nacional Pedro Henríquez Ureña Biblioteca Nacional Pedro Henríquez Ureña Depósito 17.06.2023 Donado por Fundación Hermanas Mirabal BNPHU PD 972.93054 G993e, 2004 2023-0081 12.01.2023 12.01.2023 Libro

Powered by Koha